| 000 | 00675nam a22001577a 4500 | ||
|---|---|---|---|
| 003 | OSt | ||
| 005 | 20151008104653.0 | ||
| 008 | 151008b xxu||||| |||| 00| 0 eng d | ||
| 040 | _cRUA | ||
| 082 | _aAVM OR 2008 B078 Or.1 | ||
| 100 |
_92347 _aOR, SAMNANG. |
||
| 245 | _aStudy on pig production at kandauldom farm in samrong tong district kampong speu province (ការសិក្សាទៅលើផលិតកម្មជ្រូកពូជនៅកសិដ្ឋានកណ្ដោលដុំស្រុកសំរោងទងខេត្តកំពង់ស្ពឺ) | ||
| 260 |
_aPhnom Penh _bRUA _c2008 |
||
| 300 |
_axi,40p. _bill. _c29cm. |
||
| 942 |
_2ddc _cAVM |
||
| 999 |
_c2213 _d2213 |
||